000068592 001__ 68592 000068592 005__ 20180223095331.0 000068592 037__ $$aGDOC-2016-66338 000068592 041__ $$aspa 000068592 100__ $$0(orcid)0000-0002-0946-2864$$1115617$$aUsón Sardaña, Antonio 000068592 24500 $$966338$$aSimulación avanzada de sistemas eléctricos con fuentes renovables 000068592 260__ $$aZaragoza$$bUniversidad de Zaragoza$$c2016-2017 000068592 520__ $$aGracias al incremento de la potencia de cálculo de los ordenadores en las últimas décadas, la mayoría de las aproximaciones utilizadas en la ingeniería eléctrica se están revisando, introduciendo la simulación numérica de los campos electromagnéticos involucrados en el problema. Esto permite mejores aproximaciones y la optimización de los diseños finales obtenidos. En la actualidad, uno de los procedimientos más utilizados en la simulación numérica de campos electromagnéticos es el de elementos finitos. En la asignatura, tras una sucinta explicación de las ecuaciones fundamentales y su planteamiento mediante el procedimiento citado, se realizan prácticas básicas con software de simulación en 2D y 3D. Por otra parte, los sistemas eléctricos de potencia están experimentando un gran cambio en su estructura debido a la incorporación de la generación proveniente de fuentes de energía renovables y los sistemas de generación y almacenamiento distribuido. La red, anteriormente basada en relativamente pocos generadores síncronos de gran potencia, ha evolucionado para ser una nueva organización con múltiples generadores basados en diferentes tecnologías por lo que es necesario analizar el posible impacto que estos nuevos sistemas pueden provocar en la estabilidad del sistema y en la calidad de suministro. El modelado y la simulación numérica son especialmente beneficiosos en situaciones donde el sistema real no existe, es demasiado caro o difícil de construir, o cuando experimentar con un sistema real puede causar pérdidas inaceptables. Este es el caso de la simulación del impacto de la generación renovable en la red y del análisis necesario para la integración de estos nuevos generadores. En esta asignatura se describirán los estudios a realizar para el análisis de impacto de generación renovable en los SEP así como los requisitos que dicha generación debe ser capaz de cumplir para su conexión a red. A lo largo de la asignatura se realizarán prácticas con software de simulación de SEP.$$b 000068592 521__ $$9652$$aEnergías Renovables y Eficiencia Energética 000068592 540__ $$aby-nc-sa$$bCreative Commons$$c3.0$$uhttp://creativecommons.org/licenses/by-nc-sa/3.0/ 000068592 700__ $$0(orcid)0000-0002-6857-5519$$1135104$$aLetosa Fleta, Jesús 000068592 700__ $$0(orcid)0000-0002-4133-7553$$1409841$$aComech Moreno, María Paz 000068592 830__ $$9535 000068592 8564_ $$s16732$$uhttps://zaguan.unizar.es/record/68592/files/guia-66338-es.pdf$$yGuía (idioma español) 000068592 8564_ $$s9365$$uhttps://zaguan.unizar.es/record/68592/files/guia-66338-en.pdf$$yGuide (english) 000068592 970__ $$aGDOC-2016-66338 000068592 980__ $$aGDOC$$bIngeniería y arquitectura$$c110